Southville International School and Colleges
Your cart is empty.
  • Cart
  • Lists
    Public lists Eva Luna New books Lux_list list_1
    Your lists Log in to create your own lists
  • Log in to your account
  • Your cookies
  • Search history
Southville International School and Colleges
  • Advanced search
  • Recent comments
  • Most popular
  • Libraries

Log in to your account

Log in with GOOGLE


If you do not have an external account, but do have a local account, you can still log in:

  1. Home
  2. MARC view: The Abduction of Sita :
Normal view MARC view ISBD view

The Abduction of Sita : (Record no. 6972)

[ view plain ]
MARC details
000 -LEADER
fixed length control field 00631nam a22002177a 4500
003 - CONTROL NUMBER IDENTIFIER
control field OSt
005 - DATE AND TIME OF LATEST TRANSACTION
control field 20140310181921.0
008 - FIXED-LENGTH DATA ELEMENTS--GENERAL INFORMATION
fixed length control field 130718t xxu||||| |||| 00| 0 eng d
020 ## - INTERNATIONAL STANDARD BOOK NUMBER
International Standard Book Number 9780141026848
050 ## - LIBRARY OF CONGRESS CALL NUMBER
Classification number PR 9499.N3
Item number .N218 1972
082 ## - DEWEY DECIMAL CLASSIFICATION NUMBER
Classification number TR 800
Item number N17 1972
100 ## - MAIN ENTRY--PERSONAL NAME
Relator code Narayan, R. K.
245 ## - TITLE STATEMENT
Title The Abduction of Sita :
Remainder of title an extract from the shortened modern prose version of the Ramayana /
Statement of responsibility, etc R.K. Narayan.
260 ## - PUBLICATION, DISTRIBUTION, ETC. (IMPRINT)
Place of publication, distribution, etc England :
Name of publisher, distributor, etc Penguin Books,
Date of publication, distribution, etc c1972.
300 ## - PHYSICAL DESCRIPTION
Extent 110 p. :
Dimensions 18 cm.
521 ## - TARGET AUDIENCE NOTE
Target audience note
541 ## - IMMEDIATE SOURCE OF ACQUISITION NOTE
-- 1
562 ## - COPY AND VERSION IDENTIFICATION NOTE
Number of copies 1
650 ## - SUBJECT ADDED ENTRY--TOPICAL TERM
Source of heading or term Literature.
942 ## - ADDED ENTRY ELEMENTS (KOHA)
Source of classification or shelving scheme Library of Congress Classification
Koha item type
Call number prefix
Holdings
Withdrawn status Lost status Source of classification or shelving scheme Damaged status Home library Current library Shelving location Date acquired Total Checkouts Full call number Barcode Date last seen Copy number Price effective from Koha item type
    Library of Congress Classification   Luxembourg Library Luxembourg Library Teachers Reference Section 07/18/2013   PR 9499.N3 .N218 1972 16548 08/13/2013 1 07/18/2013 Books

The Abduction of Sita :

APA

(1972). The Abduction of Sita. England: Penguin Books.

Chicago

1972. The Abduction of Sita. England: Penguin Books.

Harvard

(1972). The Abduction of Sita. England: Penguin Books.

MLA

The Abduction of Sita. England: Penguin Books. 1972.

  • Place hold
  • Print
  • Cite
  • Add to your cart (remove)
  • Save record
    BIBTEX Dublin Core MARCXML MARC (non-Unicode/MARC-8) MARC (Unicode/UTF-8) MARC (Unicode/UTF-8, Standard) MODS (XML) RIS
  • More searches
    Search for this title in:
    Other Libraries (WorldCat) Other Databases (Google Scholar) Online Stores (Bookfinder.com) Open Library (openlibrary.org)

Exporting to Dublin Core...

SOUTHVILLE LIBRARY

Southville International School and Colleges Library

1281 Tropical Ave. Cor. Luxembourg St., BF Homes International, Las Pinas City

Tel. No. 8256374 / 252358 Loc. 117/146

Powered by Koha